| 000 | 00720nam a2200217 a 4500 | ||
|---|---|---|---|
| 005 | 20240410063707.0 | ||
| 008 | 991125s1978 mx 000 0 spa u | ||
| 020 | _a9682302609 | ||
| 035 | _aUPN01000016929 | ||
| 049 | _aCG | ||
| 050 | 4 |
_aHC240 _bF5.38 |
|
| 100 | 1 |
_aFieldhouse, David Kenneth, _d1925- |
|
| 245 | 1 | 0 |
_aEconomía e imperio : _bla expansión de Europa, 1830-1914 / _cpor D. K. Fieldhouse ; pról. de Charles Wilson ; tr. de Juan A. Ruiz de Elvira Prieto. |
| 260 |
_aMéxico : _bSiglo XXI, _c1978. |
||
| 300 |
_a565 p. : _bmapas |
||
| 440 | 0 | _aHistoria económica mundial | |
| 650 | 4 |
_aImperialismo _99887 |
|
| 651 | 4 |
_aEUROPA - _xCOMERCIO |
|
| 651 | 4 |
_aEUROPA - _xCONDICIONES ECONOMICAS |
|
| 905 | _aLibro | ||
| 999 |
_c16929 _d16929 |
||